000
00336nam a2200145Ia 4500
003
OSt
008
191201s2002 xx 000 0 und d
082
_a
158.1
_b
CAL
100
_a
CARNEGIE, Dale
245
0
_a
Leader in You
260
_a
New Delhi
_b
Pocket Book London
_c
2002
300
_a
245
650
_a
General Books
942
_2
ddc
_c
BK
999
_c
1536
_d
1536